The environment and emerging development issues

Αποθηκεύτηκε σε:
Λεπτομέρειες βιβλιογραφικής εγγραφής
Άλλοι συγγραφείς: Dasgupta, Partha (Επιμελητής έκδοσης), Maler, Karl-Goran (Επιμελητής έκδοσης)
Μορφή: Βιβλίο
Γλώσσα:English
Δημοσίευση: Oxford : Clarendon Press, 1997
Σειρά:Studies in development economics
Θέματα:
Ετικέτες: Προσθήκη ετικέτας
Δεν υπάρχουν, Καταχωρήστε ετικέτα πρώτοι!

MARC

LEADER 00000nam a2200000 i 4500
001 1/15958
008 980717s1997 eng d
020 |a 0-19-828768-2 
035 |l 10020025 
040 |a GR-MY-UA  |b    |e aacr 
041 0 |a eng 
082 0 |a 333.7 
245 1 4 |a The environment and emerging development issues /  |c edited by Partha Dasgupta and Karl-Goran Maler 
260 |a Oxford :   |b Clarendon Press,   |c 1997 
300 |a 2τ. (269; 607 σ.)  |b διαγρ., πίν. 
490 1 |a Studies in development economics 
500 |a A study prepared for the World Institute for Development Economic Research of the United Nations University (UNU/WIDER) 
504 |a Περιλαμβάνει βιβλιογραφικές παραπομπές 
650 0 0 |a Sustainable development. 
650 0 0 |a Environmental policy  |x Economic aspects. 
650 0 0 |a Economic development  |x Environmental aspects. 
700 1 |a Dasgupta, Partha.  |4 edt 
700 1 |a Maler, Karl-Goran.  |4 edt 
830 0 |a Studies in development economics 
852 |a INST  |b LESVOS  |e 19980717  |h 333.7 ENV  |p 005100013660  |q 005100013660  |t BK  |y 0  |z v.1. 
852 |a INST  |b LESVOS  |e 19980717  |h 333.7 ENV  |p 005100013661  |q 005100013661  |t BK  |y 0  |z v.2. 
852 |a INST  |b LESVOS  |e 19980717  |h 333.7 ENV  |p 005100013660  |q 005100013660  |t BK  |v v.1.:  |y 0  |z v.1. 
852 |a INST  |b LESVOS  |e 19980717  |h 333.7 ENV  |p 005100013661  |q 005100013661  |t BK  |v v.2.:  |y 0  |z v.2. 
853 |a INST  |b LESVOS  |h 333.7 ENV 
901 |a BIBL-1998-2 
909 |a Λ  |b 058352 
909 |a Λ  |b 058353 
922 |a 1ΕΛΗ  |b 199807  |c ΚΠΣ/ΤΠ  |d ΠΑΠΑΣΩΤΗΡΙΟΥ 
950 |a 054-1994-04-12 
950 |a 107-1998-04-06